Introduction to probability theory /

Guardado en:
Autor Principal: McCord, James R.
Otros Autores: Moroney, Richard M.
Formato: Libro
Idioma:English
Publicado: New York : Macmillan, c1964.
Materias:
Etiquetas: Agregar Etiqueta
Sin Etiquetas, Sea el primero en etiquetar este registro!
LEADER 00679nam a22002175a 4500
001 MAT.inmabb005188
008 840606s1964####nyu######b####001#0#eng##
005 20130226163044.0
245 1 0 |a Introduction to probability theory /  |c James R. McCord, III [and] Richard M. Moroney, Jr. 
260 |a New York :  |b Macmillan,  |c c1964. 
300 |a xvi, 232 p. ;  |c 25 cm. 
504 |a Bibliografía: p. 212-213. 
510 4 |a MR,  |c 28 #2567 
100 1 |a McCord, James R. 
700 1 |a Moroney, Richard M. 
246 3 0 |a Probability theory 
650 0 |a Probabilities. 
084 |a 60-01  |2 msc2000 
010 |a  64010970  
040 |a DLC/ICU  |c ICU  |d DLC 
859 |h 60  |i M131  |p A-2948  |b BIB. MATEMATICA